| 000 -LEADER | |
|---|---|
| fixed length control field | 01117nam a22002177a 4500 |
| 005 - DATE AND TIME OF LATEST TRANSACTION | |
| control field | 20250420134757.0 |
| 008 - FIXED-LENGTH DATA ELEMENTS--GENERAL INFORMATION | |
| fixed length control field | 191121b ||||| |||| 00| 0 eng d |
| 020 ## - INTERNATIONAL STANDARD BOOK NUMBER | |
| International Standard Book Number | 9780998587516 |
| 040 ## - CATALOGING SOURCE | |
| Transcribing agency | KCST |
| 082 ## - DEWEY DECIMAL CLASSIFICATION NUMBER | |
| Classification number | 378.125 |
| Item number | En Te |
| 100 ## - MAIN ENTRY--PERSONAL NAME | |
| Personal name | Eng, Norman |
| 9 (RLIN) | 566 |
| 245 ## - TITLE STATEMENT | |
| Title | Teaching college : |
| Remainder of title | the ultimate guide to lecturing, presenting, and engaging students / |
| Statement of responsibility, etc. | Norman Eng |
| 260 ## - PUBLICATION, DISTRIBUTION, ETC. | |
| Place of publication, distribution, etc. | [New York] : |
| Name of publisher, distributor, etc. | Norman Eng, |
| Date of publication, distribution, etc. | [2017] ©2017 |
| 300 ## - PHYSICAL DESCRIPTION | |
| Extent | 304 pages : illustrations ; |
| Dimensions | 23 cm |
| 505 ## - FORMATTED CONTENTS NOTE | |
| Formatted contents note | Part 1: Lay the groundwork --<br/>Understand the common problems when lecturing --<br/>Focus on the student, not the content --<br/>Adopt an active approach --<br/>Part 2: Plan your lesson --<br/>Start with your syllabus --<br/>Develop your topic --<br/>"Touch" your audience --<br/>Craft the lesson --<br/>Part 3: Execute and optimize --<br/>Use slides as support --<br/>Optimize discussions and activities --<br/>Part 4: Help students succeed --<br/>Fix lingering issues --<br/>Final thoughts. |
| 650 ## - SUBJECT ADDED ENTRY--TOPICAL TERM | |
| Topical term or geographic name entry element | College teaching |
| General subdivision | Handbooks, manuals, etc. |
| 9 (RLIN) | 567 |
| 650 ## - SUBJECT ADDED ENTRY--TOPICAL TERM | |
| Topical term or geographic name entry element | Effective teaching. |
| 9 (RLIN) | 568 |
| 650 ## - SUBJECT ADDED ENTRY--TOPICAL TERM | |
| Topical term or geographic name entry element | College teachers. |
| 9 (RLIN) | 569 |
| 942 ## - ADDED ENTRY ELEMENTS (KOHA) | |
| Koha item type | Book |
| 942 ## - ADDED ENTRY ELEMENTS (KOHA) | |
| Source of classification or shelving scheme | Dewey Decimal Classification |
| Withdrawn status | Lost status | Source of classification or shelving scheme | Damaged status | Not for loan | Home library | Current library | Date acquired | Cost, normal purchase price | Total checkouts | Full call number | Barcode | Date last seen | Price effective from | Koha item type |
|---|---|---|---|---|---|---|---|---|---|---|---|---|---|---|
| Dewey Decimal Classification | KCST Library | KCST Library | 21/11/2019 | 10.90 | 378.125 En Te | 1000000066 | 21/11/2019 | 21/11/2019 | Book |